Statistics for Capital Cities of the World by Picture

Click here to take the quiz!

General Stats

  • This quiz has been taken 37 times
  • The average score is 6 of 15

Answer Stats

Answer% Correct
Havana
85%
Riyadh
70%
Ottawa
64%
Prague
52%
Nur-Sultan
42%
Phnom Penh
42%
Brasilia
39%
Islamabad
39%
Stockholm
39%
Madrid
30%
Dhaka
21%
Ulaanbaatar
21%
Abuja
18%
Port Moresby
6%
Asuncion
0%

Score Distribution

Percentile by Number Answered

Percent of People with Each Score

Your Score History

You have not taken this quiz